| 000 | 01066cam a22002651 4500 | ||
|---|---|---|---|
| 001 | sa 68011167 | ||
| 003 | DLC | ||
| 005 | 20260227112558.0 | ||
| 008 | 710915s1968 pk k 000 0 eng | ||
| 010 | _asa 68011167 | ||
| 025 | _aPL480:P-E-1485 | ||
| 040 |
_aDLC _cDLC _dDLC |
||
| 043 | _aa-pk--- | ||
| 050 | 0 | 0 |
_aKPL2578.A311922 _bL38 1968 |
| 082 | 0 | 0 | _a340 |
| 100 | 1 |
_aLatif Amritsari, M. A. _q(Muhammad Abdul), _d1912- |
|
| 245 | 1 | 0 |
_aTown improvement: law and procedure; _bbeing a comprehensive commentary, with up-to-date amendments and caselaw on The Town improvement act, ... _cwith complete rules, specimen forms ... important policy letters and allied subjects, by Ch. Muhammad Abdul Latif. With a foreword by Sardar Muhammad Iqbal Khan. |
| 250 | _a[1st ed. | ||
| 260 |
_aMultan, _c1968] |
||
| 300 |
_a433 p. _bforms. _c25 cm. |
||
| 350 | _a25.00 | ||
| 650 | 0 |
_aCity planning and redevelopment law _zPakistan. |
|
| 650 | 0 |
_aHousing _xLaw and legislation _zPakistan. |
|
| 710 | 1 | 2 |
_aWest Pakistan. _kLaws, statutes, etc. _tTown improvement act, 1922. 1968. |
| 999 |
_c83771 _d83771 |
||